[Event "SVK-chT4 A21 1617"]
[Site "Slovakia"]
[Date "2017.01.29"]
[Round "8.1"]
[White "Zlamal, Marek"]
[Black "Palka, Miroslav"]
[Result "1/2-1/2"]
[WhiteElo "1811"]
[BlackElo "1921"]
[PlyCount "68"]
[EventDate "2016.10.09"]
[EventType "team-tourn"]
[EventRounds "11"]
[EventCountry "SVK"]
[SourceTitle "EXT 2018"]
[Source "ChessBase"]
[SourceDate "2017.10.13"]
[SourceVersion "1"]
[SourceVersionDate "2017.10.13"]
[SourceQuality "1"]
[WhiteTeam "Holic II"]
[BlackTeam "Senica II"]
[WhiteTeamCountry "SVK"]
[BlackTeamCountry "SVK"]

1. d4 d5 2. e3 g6 3. c4 Nf6 4. Nc3 Bg7 5. Nf3 0-0 6. Bd2 b6 7. cxd5 Nxd5 8. Bc4 Nxc3 9. Bxc3 Bb7 10. 0-0 Nd7 11. Rc1 c5 12. dxc5 Nxc5 13. Bxg7 Kxg7 14. Qe2 e6 15. Nd4 Qf6 16. b4 Ne4 17. Rfd1 Rfd8 18. f3 Nd6 19. Bb3 Rac8 20. Rxc8 Nxc8 21. Qc4 Bd5 22. Qc7 Bxb3 23. Nxe6+ Bxe6 24. Rxd8 Qa1+ 25. Kf2 Qxa2+ 26. Kg3 Qa1 27. f4 a5 28. bxa5 bxa5 29. Re8 Qe1+ 30. Kf3 Qd1+ 31. Kf2 Qd2+ 32. Kf3 Qd7 33. Qe5+ Kh6 34. Qg5+ Kg7 1/2-1/2

[Event "SVK-chT2A 1617"]
[Site "Slovakia"]
[Date "2016.12.04"]
[Round "6.7"]
[White "Zlamal, Marek"]
[Black "Cmarada, Juraj"]
[Result "1-0"]
[WhiteElo "1778"]
[BlackElo "1764"]
[PlyCount "67"]
[EventDate "2016.10.08"]
[EventType "team-tourn"]
[EventRounds "11"]
[EventCountry "SVK"]
[SourceTitle "EXT 2018"]
[Source "ChessBase"]
[SourceDate "2017.10.13"]
[SourceVersion "1"]
[SourceVersionDate "2017.10.13"]
[SourceQuality "1"]
[WhiteTeam "Skalica"]
[BlackTeam "Sered MSK"]
[WhiteTeamCountry "SVK"]
[BlackTeamCountry "SVK"]

1. d4 Nf6 2. c4 g6 3. Nc3 d5 4. e3 Bg7 5. Nf3 0-0 6. a4 a5 7. Bd3 dxc4 8. Bxc4 Nbd7 9. 0-0 Nb6 10. Bd3 Nfd5 11. h3 Nb4 12. Be4 c6 13. Bd2 Be6 14. Ne2 Qd6 15. b3 Rfd8 16. Nf4 N6d5 17. Nxe6 Qxe6 18. Ng5 Qf6 19. f4 h6 20. Nf3 Qe6 21. Ne5 f6 22. f5 Qd6 23. Nxg6 e5 24. fxe6 Qxe6 25. Bf5 Qe8 26. Qg4 Nxe3 27. Be6+ Kh7 28. Bxe3 Rd6 29. Nf4 Kh8 30. Qf5 Bf8 31. Qxf6+ Bg7 32. Ng6+ Kh7 33. Bg8+ Kxg8 34. Ne7+ 1-0

[Event "SVK-chT4 A21 1617"]
[Site "Slovakia"]
[Date "2016.10.23"]
[Round "2.1"]
[White "Valla, Tomas"]
[Black "Zlamal, Marek"]
[Result "1-0"]
[WhiteElo "1846"]
[BlackElo "1766"]
[PlyCount "121"]
[EventDate "2016.10.09"]
[EventType "team-tourn"]
[EventRounds "11"]
[EventCountry "SVK"]
[SourceTitle "CBM 175 Extra"]
[Source "ChessBase"]
[SourceDate "2016.12.12"]
[SourceVersion "1"]
[SourceVersionDate "2016.12.12"]
[SourceQuality "1"]
[WhiteTeam "Gbely Nafta II"]
[BlackTeam "Holic II"]
[WhiteTeamCountry "SVK"]
[BlackTeamCountry "SVK"]

1. e4 c5 2. c3 e6 3. d4 d5 4. e5 Nc6 5. Nf3 f5 6. exf6 Nxf6 7. Bd3 cxd4 8. cxd4 Bb4+ 9. Nc3 0-0 10. 0-0 Ne7 11. Ne5 Nf5 12. a3 Bd6 13. Bxf5 exf5 14. Bg5 Be7 15. Re1 Re8 16. Bxf6 Bxf6 17. f4 Bxe5 18. fxe5 a6 19. Rc1 b5 20. b4 Be6 21. Ne2 Qg5 22. Qd3 Bf7 23. Rf1 Bg6 24. Nf4 Rac8 25. Rc5 Rxc5 26. bxc5 Bf7 27. g3 g6 28. c6 Qe7 29. Rc1 g5 30. Ng2 Be6 31. Rc5 Qf7 32. Qf3 f4 33. gxf4 gxf4 34. Qxf4 Qh5 35. Rc1 Rf8 36. Qg3+ Kh8 37. Qh4 Qxh4 38. Nxh4 Rf4 39. c7 Rxh4 40. c8Q+ Bxc8 41. Rxc8+ Kg7 42. Rc7+ Kg6 43. Rc6+ Kf5 44. Rf6+ Ke4 45. e6 Rg4+ 46. Kf2 Kxd4 47. Kf3 Re4 48. Kf2 h5 49. Kf3 a5 50. Rf4 Kd3 51. Rxe4 dxe4+ 52. Kf2 b4 53. axb4 axb4 54. e7 b3 55. e8Q h4 56. Qb5+ Kc2 57. Qc4+ Kb1 58. Qxb3+ Kc1 59. Qe3+ Kd1 60. Qxe4 Kc1 61. Qe2 1-0

[Event "SVK-chT4 A21 1617"]
[Site "Slovakia"]
[Date "2016.10.09"]
[Round "1.1"]
[White "Zlamal, Marek"]
[Black "Ganzova, Veronika"]
[Result "1-0"]
[WhiteElo "1766"]
[BlackElo "1674"]
[PlyCount "57"]
[EventDate "2016.10.09"]
[EventType "team-tourn"]
[EventRounds "11"]
[EventCountry "SVK"]
[SourceTitle "CBM 175 Extra"]
[Source "ChessBase"]
[SourceDate "2016.12.12"]
[SourceVersion "1"]
[SourceVersionDate "2016.12.12"]
[SourceQuality "1"]
[WhiteTeam "Holic II"]
[BlackTeam "Trnava Lokomotiva Jun"]
[WhiteTeamCountry "SVK"]
[BlackTeamCountry "SVK"]

1. d4 d5 2. f4 Nf6 3. Nf3 e6 4. e3 c5 5. b3 Be7 6. Bd3 Nc6 7. 0-0 0-0 8. Bd2 Qb6 9. Nc3 Qd8 10. Kh1 b6 11. a3 Bb7 12. Qe1 Nh5 13. g4 Nf6 14. g5 Nh5 15. Qh4 g6 16. f5 exf5 17. Bxf5 Ng7 18. Bd3 Bc8 19. e4 cxd4 20. Nxd5 Nh5 21. b4 Be6 22. Bc4 Rc8 23. Ba2 b5 24. Rac1 Kh8 25. c3 f6 26. Nxe7 Qxe7 27. Bxe6 Qxe6 28. cxd4 Rcd8 29. d5 1-0